History by Images - 'M' - Statistics

General Stats
  • This quiz has been taken 70 times
  • The average score is 8 of 16
Answer Stats
Picture Hint Answer % Correct
Signed in 1215 Magna Carta
92%
15th century Inca citadel Machu Picchu
90%
Venetian Explorer Marco Polo
89%
Queen of Scots Mary
89%
Home to the extinct Dodo Mauritius
83%
African Empire (13th-16th century) Mali
62%
Home to Sumerians , Assyrians Mesopotamia
60%
Roman Emperor Marcus Aurelius
48%
Agreement signed on 30 September 1938 Munich
43%
A bronze age civilization Minoan
33%
Capital of the Yadanabon kingdom in 1857 Mandalay
24%
Indian Empire (c. 322 - 185 BCE) Maurya
24%
French philosopher Montesquieu
19%
Conquered Constantinople in 1453 Mehmed II
13%
Abubakr bin Fakhr ad-Din founded this sultanate Mogadishu
3%
Fortified late Bronze Age City Mycenae
2%
No matching quizzes found
Score Distribution
Percent of People with Each Score
Percentile by Number Answered
Your Score History
You have not taken this quiz